The water garden (Record no. 7966)

000 -LEADER
fixed length control field 00358nam a22001457a 4500
003 - CONTROL NUMBER IDENTIFIER
control field OSt
005 - DATE AND TIME OF LATEST TRANSACTION
control field 20200610165303.0
008 - FIXED-LENGTH DATA ELEMENTS--GENERAL INFORMATION
fixed length control field 200610b ||||| |||| 00| 0 eng d
020 ## - INTERNATIONAL STANDARD BOOK NUMBER
International Standard Book Number 9781858944104
082 ## - DEWEY DECIMAL CLASSIFICATION NUMBER
Classification number 635.967
Item number LES
100 ## - MAIN ENTRY--PERSONAL NAME
Personal name Leslie Geddes-Brown
245 ## - TITLE STATEMENT
Title The water garden
260 ## - PUBLICATION, DISTRIBUTION, ETC. (IMPRINT)
Place of publication, distribution, etc New York
Name of publisher, distributor, etc Merrell Pub Ltd
Date of publication, distribution, etc April 1, 2008
942 ## - ADDED ENTRY ELEMENTS (KOHA)
Source of classification or shelving scheme
Holdings
Withdrawn status Lost status Source of classification or shelving scheme Damaged status Koha normalized classification for sorting Not for loan Permanent location Current location Date acquired Full call number Barcode Date last seen Price effective from Koha item type
        635_967000000000000_LES   BMS College of Architecture, Design and Planning BMS College of Architecture, Design and Planning 2020-06-10 635.967 LES AR-UG1821 2020-06-10 2020-06-10 UG Books
Copyright © 2025, The Librarian, Library and Information Centre, BMSCA D&P, Bengaluru. All Rights Reserved
web counter

Powered by Koha